15 größte Städte Polen - Statistiken

Allgemein
  • Dieses Quiz wurde 40 mal gespielt
  • Das Durchschnittsergebnis liegt bei 8 aus 15
Antwortstatistiken
Einwohner Antwort % Korrekt
1.862.000 Warschau
100%
487.000 Danzig
88%
806.000 Krakau
88%
652.000 Łódź
82%
674.000 Breslau
76%
389.000 Stettin
71%
538.000 Posen
53%
279.000 Katowice
47%
330.000 Lublin
38%
326.000 Bydgoszcz
35%
292.000 Białystok
26%
206.000 Częstochowa
24%
195.000 Toruń
24%
247.000 Gdynia
18%
196.000 Radom
15%
Keine übereinstimmenden Quizze gefunden
Verteilung der Resultate
Anzahl Personen mit jedem Resultat
Perzentil nach korrekt beantworteten Fragen
Ihre Resultats-Entwicklung
Sie haben dieses Quiz noch nicht gespielt